=LDR 00000nam 2200000 4500 =001 INLIS000000000050498 =005 20200911083138 =035 ##$$a 0010-0517000151 =007 ta =008 200911################g##########0#ind## =020 ##$$a 978-602-7636-17-7 =082 ##$$a 297.92 =084 ##$$a 297.92 KHA b =100 #$$a Khalid, Muhammad Khalid =245 1#$$a Biografi Khalifah Rasulullah : $b Abu Bakar, Umar, Utsman, Ali, Umar Bin Abdul Aziz /$c Khalid Muhammad Khalid =250 ##$$a Cet.2 =260 ##$$a Jakarta :$b Ummul Qura,$c 2014 =300 ##$$a 752 hlm ; $c 24 cm =650 #4$$a Khalifah Islam =990 ##$$a 31701314 =990 ##$$a 31701313